| 000 | 00894cam a2200289 a 4500 | ||
|---|---|---|---|
| 999 |
_c1798 _d1798 |
||
| 001 | 12443779 | ||
| 003 | OSt | ||
| 005 | 20210630084452.0 | ||
| 008 | 010525s2001 fr a b 001 0 fre | ||
| 010 | _a 2001421428 | ||
| 020 | _a2262017778 | ||
| 035 | _a(FrPJT)JTL00068401 | ||
| 040 |
_aDLC _cDLC |
||
| 042 | _apcc | ||
| 043 | _aai----- | ||
| 050 | 0 | 0 |
_aQP34 _b.G9 1986 |
| 100 | 1 | _aAinval, Christiane d'. | |
| 245 | 1 | 4 |
_aLes belles heures de l'Indochine française / _cChristiane d'Ainval. |
| 246 | 3 | _aIndochine française | |
| 260 |
_aParis : _bPerrin, _cc2001. |
||
| 300 |
_a308 p., [8] p. of plates : _bill. ; _c23 cm. |
||
| 504 | _aIncludes bibliographical references (p. [295]-302) and index. | ||
| 651 | 0 |
_aIndochina _xHistory. |
|
| 906 |
_a7 _bcbc _corigres _d3 _encip _f20 _gy-gencatlg |
||
| 942 |
_2lcc _cBK _nDO |
||